| 000 | nam a22 4500 | ||
|---|---|---|---|
| 999 |
_c9382 _d9382 |
||
| 008 | 180516b ||||| |||| 00| 0 eng d | ||
| 020 | _a978-1-4925-2576-9 | ||
| 082 |
_22017 _aDC 797.234 _bG782 |
||
| 100 |
_927877 _aGraver, Dennis K. |
||
| 245 |
_aScuba diving / _cDennis K. Graver |
||
| 250 | _aFifth Edition | ||
| 260 |
_aChampaign, IL : _bHuman Kintics, _c©2017. |
||
| 300 |
_aix, 245 pages: _bcolor illustrations; _c28 cm. |
||
| 500 | _aIncludes index. | ||
| 650 | 0 |
_927878 _aScuba diving |
|
| 365 |
_b4,135.00 _cPhp |
||
| 942 |
_2ddc _cDC |
||